[Event "Titled Tue 27th May Early"]
[Site "chess.com INT"]
[Date "2025.05.27"]
[Round "2"]
[White "Kozak, Adam"]
[Black "Ismagilov, Damir"]
[Result "1-0"]
[WhiteTitle "GM"]
[BlackTitle "CM"]
[WhiteElo "2578"]
[BlackElo "2173"]
[WhiteFideId "753246"]
[BlackFideId "34199982"]
[EventDate "2025.05.27"]

1. d4 Nf6 2. c4 e6 3. Nf3 d5 4. g3 Bb4+ 5. Bd2 Be7 6. Bg2 O-O 7. O-O c6 8. Qc2
Nbd7 9. b3 b6 10. Nc3 Ba6 11. e4 dxc4 12. Rfe1 Rc8 13. Bf4 h6 14. h4 Re8 15.
Rad1 c5 16. d5 exd5 17. e5 Nh7 18. Nxd5 cxb3 19. axb3 Bb7 20. Bh3 Nhf8 21. Re3
Ne6 22. Red3 Nd4 23. Nxd4 cxd4 24. Qb1 Bc5 25. Rxd4 Bxd4 26. Rxd4 Nxe5 27. Qd1
Rc5 28. Bg2 Bxd5 29. Bxd5 Qf6 30. b4 Rcc8 31. b5 Ng6 32. Be3 Red8 33. Kg2 Ne7
34. Bxf7+ Kxf7 35. Rxd8 Rxd8 36. Qxd8 Qf5 37. Qc7 Qxb5 38. Qxa7 Qc6+ 39. Kh2 b5
40. Bc5 Qe4 41. Qb6 Qe2 42. Qb7 Kf6 43. Bd4+ Kf7 44. Bc5 g5 45. hxg5 hxg5 46.
Kg2 g4 47. Be3 Qc4 48. Kg1 Qd5 49. Qa7 Qd1+ 50. Kh2 Qd5 51. Bc5 Qh5+ 52. Kg1 Qe5
53. Kh2 Qh5+ 54. Kg2 Qd5+ 55. Kg1 Qd1+ 56. Kh2 Qe1 57. Qb7 Qe5 58. Bxe7 Qxe7 59.
Qxb5 Qe4 60. Qb6 Qf3 61. Qc5 Qe2 62. Qd4 Qf3 63. Kg1 Kg6 64. Qe5 Qd1+ 65. Kh2
Qf3 66. Qf4 Qe2 67. Kg2 Qd1 68. Kh2 Qe2 69. Qd6+ Kg5 70. Qd4 Qf3 71. Kg1 Qe2 72.
Qf4+ Kg6 73. Qe3 Qd1+ 74. Kg2 Qd5+ 75. Kf1 Qd1+ 76. Qe1 Qd3+ 77. Qe2 Qb1+ 78.
Kg2 Qb7+ 79. Kh2 Qb4 80. Qe5 Qd2 81. Qf4 Qd1 82. Kg2 Qd5+ 83. Kh2 Qd1 84. Qe4+
Kg5 85. Kg2 Qc1 86. Qe3+ Qxe3 87. fxe3 Kf5 88. Kf1 Ke5 89. Ke1 Kd5 90. Kd1 Ke5
91. Kd2 Ke4 92. Ke2 Ke5 93. Kd3 Kd5 94. e4+ Ke5 95. Ke3 1-0

[Event "Titled Tue 27th May Early"]
[Site "chess.com INT"]
[Date "2025.05.27"]
[Round "2"]
[White "Sonis, Francesco"]
[Black "Nikologorskiy, Konstantin"]
[Result "1/2-1/2"]
[WhiteTitle "GM"]
[BlackTitle "IM"]
[WhiteElo "2570"]
[BlackElo "2413"]
[WhiteFideId "895733"]
[BlackFideId "24111708"]
[EventDate "2025.05.27"]

1. b3 e5 2. Bb2 Nc6 3. e3 Nf6 4. Bb5 Bd6 5. Ne2 Ne7 6. Ng3 c6 7. Bd3 O-O 8. O-O
Bc7 9. f4 d6 10. fxe5 dxe5 11. Rxf6 gxf6 12. Qh5 f5 13. Na3 Ng6 14. Nc4 e4 15.
Qh6 f6 16. Nh5 Qe7 17. Be2 Be6 18. Rf1 b5 19. Na3 Be5 20. Bc1 Rf7 21. Ng3 Bxg3
22. hxg3 Qf8 23. Qh5 Rd8 24. Nb1 Qd6 25. Ba3 Qxg3 26. Qh6 Kh8 27. Qh2 Qxh2+ 28.
Kxh2 Ne5 29. Bc5 Rfd7 30. Kg3 Rg8+ 31. Kf2 a5 32. Rh1 Ng4+ 33. Ke1 Kg7 34. d3
Ne5 35. dxe4 fxe4 36. Nc3 f5 37. Bd4 Kf6 38. Rh6+ Rg6 39. Rh2 Bd5 40. Bh5 Rh6
41. Ne2 Bf7 42. g4 Rxd4 43. Nxd4 fxg4 44. Rf2+ Kg5 45. Bxf7 Nf3+ 46. Ke2 c5 47.
Ne6+ Kf6 48. Nxc5 Kxf7 49. Nxe4 Kg6 50. Rg2 Kf5 51. Nf2 Ne5 52. Nd3 Nf3 53. e4+
Kg5 54. Ke3 Rh3 55. Rxg4+ Kxg4 56. Nf2+ Kg3 57. Nxh3 Ne1 58. Ng5 Nxc2+ 59. Kd2
Nb4 60. a3 Nc6 61. Nxh7 Kf4 62. Kd3 a4 63. b4 Ne5+ 64. Kd4 Nc4 65. Nf6 Nxa3 66.
Nd5+ Kg5 67. Nc3 Nc2+ 68. Kc5 a3 69. Kxb5 Kf4 70. Kc4 a2 71. Nxa2 Nxb4 72. Nc3
Nc6 73. Kd5 Nd8 74. Nb5 Nf7 75. Nd4 Kg5 76. Nc6 Kf6 77. Nb4 Ne5 78. Kc5 Nf3 79.
Kd6 Kg5 80. Nd5 Kg6 81. Ke6 Kg7 82. Kf5 Kf7 83. Kf4 Nd4 84. Nc3 Nc6 85. Kf5 Ke7
86. Ne2 Kd6 87. Nf4 Nd4+ 88. Kf6 Nf3 89. Ng6 Kd7 90. Ne7 Ne5 91. Nd5 Nd3 92. Ne3
Kd6 93. Nc4+ Kc5 94. Nd2 Kd4 95. Kf5 Kc5 96. Nf3 Kd6 97. Ng5 Ke7 98. Nh3 Nc5 99.
e5 Nd7 100. e6 Nc5 101. Ng5 Nxe6 1/2-1/2

[Event "Titled Tue 27th May Early"]
[Site "chess.com INT"]
[Date "2025.05.27"]
[Round "2"]
[White "Ahmad, Khagan"]
[Black "Vasilenok, Anton"]
[Result "1/2-1/2"]
[WhiteTitle "IM"]
[BlackTitle "CM"]
[WhiteElo "2405"]
[BlackElo "2137"]
[WhiteFideId "13431552"]
[BlackFideId "34133124"]
[EventDate "2025.05.27"]

1. Nf3 g6 2. c4 c5 3. e4 Bg7 4. d4 Nc6 5. d5 Nd4 6. Nc3 d6 7. Be3 Qb6 8. Rb1 Bg4
9. Bd3 Nxf3+ 10. gxf3 Bh3 11. Rg1 Nf6 12. f4 h5 13. f5 Ng4 14. Rg3 Nxe3 15. Rxe3
Bg4 16. Qa4+ Kf8 17. h3 h4 18. hxg4 h3 19. Kd2 h2 20. Ree1 h1=Q 21. Rxh1 Rxh1
22. Rxh1 Qxb2+ 23. Qc2 Bxc3+ 24. Ke2 Qxc2+ 25. Bxc2 Bd4 26. f4 Kg7 27. fxg6 fxg6
28. g5 Rh8 29. Rxh8 Kxh8 30. Kf3 Kg7 31. f5 Bb2 32. fxg6 Kxg6 33. Kg4 Be5 34.
Ba4 Bb2 35. Be8+ Kg7 36. Kf5 Kf8 37. Bb5 Bc1 38. g6 Kg7 39. Bc6 b6 40. Be8 a5
41. Ke6 Bg5 42. Kd7 Kf6 43. Kc6 Kg7 44. Kxb6 Bd2 45. e5 Kf8 46. Bf7 Kg7 47. Kc6
Bf4 48. Kb5 Bd2 49. a4 Kf8 50. Be6 Kg7 51. Bf5 Bc3 52. Kc6 Bxe5 53. Kd7 Bf6 54.
Ke6 Kf8 55. Bc2 Kg7 56. Bd3 Kf8 57. Kd7 Kg7 58. Kc6 Kf8 59. Kb6 Bc3 60. Kc7 Kg7
61. Kc6 Bf6 62. Kc7 Bc3 63. Kb6 Kf8 64. Bc2 Kg7 65. Kc6 Kf6 66. Kd7 Be5 67. Kd8
Bd4 68. Ke8 Kg7 69. Kxe7 Be5 70. Ke6 Bg3 71. Bf5 Bh2 72. Kd7 Bg3 73. Kd8 Be5 74.
Kc8 Bf4 75. Kd7 Be5 76. Kc7 Bf4 77. Kb6 Bd2 78. Kb5 Bc3 79. Bb1 Bd2 80. Bc2 Be1
81. Kc6 Bg3 82. Kc7 Bf4 83. Kd7 Bg3 84. Ke6 Bf4 85. Kf5 Bg3 86. Bd3 Be1 87. Be2
Bg3 88. Bh5 Be1 89. Ke6 Bg3 90. Kd7 Be5 91. Kc7 Bf4 92. Kc6 Be5 93. Kb7 Bc3 94.
Kb6 Bd2 95. Ka6 Be1 96. Ka7 Bd2 97. Bd1 Be1 98. Bc2 Bd2 99. Kb8 Be1 100. Kc8 Bd2
101. Kd8 Be1 102. Ke8 Bd2 103. Kd7 Bf4 104. Ke6 Bg3 105. Kf5 Bh2 106. Bd1 Be5
107. Ke6 Bf4 108. Bc2 Be5 109. Bb1 Bf4 110. Kd7 Be5 111. Kc7 Bf4 112. Kd8 Be5
113. Kd7 Bf4 114. Kc8 Be5 115. Kb7 Bf4 116. Kb6 Bd2 117. Kc7 Bf4 118. Kc6 Be5
119. Ba2 1/2-1/2

[Event "Titled Tue 27th May Early"]
[Site "chess.com INT"]
[Date "2025.05.27"]
[Round "2"]
[White "Ermolaev, Evgeny"]
[Black "Agarwal, Amaya"]
[Result "1-0"]
[WhiteTitle "FM"]
[BlackTitle "WCM"]
[WhiteElo "2282"]
[BlackElo "2004"]
[WhiteFideId "24103195"]
[BlackFideId "48733580"]
[EventDate "2025.05.27"]

1. d4 d5 2. c4 e6 3. Nf3 Nf6 4. g3 Bb4+ 5. Bd2 Be7 6. Bg2 O-O 7. O-O Nbd7 8. Qc2
c6 9. Rd1 b6 10. b3 Bb7 11. Nc3 Rc8 12. e4 dxe4 13. Nxe4 Nxe4 14. Qxe4 Nf6 15.
Qe2 Qc7 16. b4 c5 17. dxc5 bxc5 18. b5 Rfd8 19. Bf4 Bd6 20. Bxd6 Rxd6 21. Rxd6
Qxd6 22. Rd1 Qc7 23. Qd2 h6 24. Qd6 Qxd6 25. Rxd6 Kf8 26. Ne5 Bxg2 27. Kxg2 Ke7
28. Ra6 Rc7 29. Nc6+ Ke8 30. Nxa7 Ne4 31. b6 Rb7 32. Nc6 Kd7 33. Na5 Rb8 34.
Ra7+ Kd6 35. b7 Kc7 36. Ra6 Nd6 37. Rc6+ Kd8 38. Rxc5 Nxb7 39. Rb5 Kc7 40. Nxb7
Rxb7 41. Rxb7+ Kxb7 42. Kf3 Kc6 43. Ke4 Kc5 44. Ke5 Kxc4 45. Kd6 Kb4 46. Ke7 e5
47. Kxf7 g5 48. Kg6 e4 49. Kxh6 Ka3 50. Kxg5 Kxa2 51. Kf4 e3 52. Kxe3 Kb1 53. h4
Kc1 54. h5 Kb1 55. h6 Kb2 56. h7 Kc1 57. h8=Q Kb1 58. Qc8 Ka1 59. Qb8 Ka2 60.
Qb7 Ka3 61. Kf3 Ka2 62. Kg2 Ka3 63. Kh2 Ka2 64. Kh3 Ka1 65. Kh4 Ka2 66. Kh5 Ka3
67. Kh6 Ka2 68. Kh7 Ka1 69. Kh8 Ka2 70. Kg8 Ka3 71. Kf8 Ka2 72. Ke8 Ka1 73. Kd8
Ka2 74. g4 Ka3 75. Ke8 Ka2 76. Kf8 Ka1 77. Kg8 Ka2 78. Kh8 Ka3 79. Kh7 Ka2 80.
Kh6 Ka1 81. Kh5 Ka2 82. Kh4 Ka3 83. Kh3 Ka2 84. Kh2 Ka1 85. Kh1 Ka2 86. Kg1 Ka3
87. Kf1 Ka4 88. Ke1 Ka3 89. Kd1 Ka2 90. Kc1 Ka1 91. g5 Ka2 92. Kd1 Ka3 93. Ke1
Ka2 94. Kf1 Ka1 95. Kg1 Ka2 96. Kh1 Ka3 97. Kh2 Ka2 98. Kh3 Ka1 99. Kh4 Ka2 100.
Kh5 Ka3 101. Kh6 Ka2 102. Kh7 Ka1 103. Kh8 Ka2 104. g6 Ka3 105. Kh7 Ka2 106. Kh6
Ka1 107. Kh5 Ka2 108. Kh4 Ka3 109. Kh3 Ka2 110. Kh2 Ka1 111. Kh1 Ka2 112. Kg1
Ka3 113. Kf1 Ka2 114. Ke1 Ka1 115. Kd1 Ka2 116. Kc1 Ka3 117. g7 Ka2 118. Kd1 Ka1
119. Ke1 Ka2 120. Kf1 Ka1 121. Kg1 Ka2 122. Kh1 Ka1 123. Kh2 Ka2 124. Kh3 Ka1
125. Kh4 Ka2 126. Kh5 Ka1 127. Kh6 Ka2 128. Kh7 Ka1 129. Kh6 Ka2 130. Kh5 Ka3
131. Kh4 Ka2 132. Kh3 Ka3 133. Kh2 Ka2 134. Kh1 Ka1 135. Kg1 Ka2 136. Kf1 Ka3
137. Ke1 Ka2 138. Kd1 Ka1 139. Kc1 Ka2 140. f3 Ka3 141. Kd1 Ka2 142. Ke1 Ka1
143. Kf1 Ka2 144. Kg1 Ka1 145. Kh1 Ka2 146. Kh2 Ka3 147. Kh3 Ka2 148. Kh4 Ka1
149. Kh5 Ka2 150. Kh6 Ka1 151. Kh7 Ka2 152. Kh6 Ka3 153. Kh5 Ka2 154. Kg4 Ka1
155. Kg3 Ka2 156. Kf2 Ka3 157. Ke1 Ka2 158. Kd1 Ka1 159. Kc1 Ka2 160. f4 Ka3
161. Kd1 Ka2 162. Ke1 Ka1 163. Kf1 Ka2 164. Kg1 Ka3 165. Kh1 Ka2 166. Kh2 Ka1
167. Kh3 Ka2 168. Kh4 Ka3 169. Kh5 Ka2 170. Kh6 Ka1 171. Kh7 Ka2 172. Kg6 Ka3
173. Kg5 Ka2 174. Kg4 Ka1 175. Kg3 Ka2 176. Kf2 Ka3 177. Ke1 Ka2 178. Kd1 Ka1
179. Kc1 Ka2 180. Qb2# 1-0

[Event "Titled Tue 27th May Early"]
[Site "chess.com INT"]
[Date "2025.05.27"]
[Round "3"]
[White "Wankhade Sanskruti"]
[Black "Chan, Kim Yew"]
[Result "0-1"]
[WhiteTitle "WCM"]
[BlackTitle "FM"]
[WhiteElo "1869"]
[BlackElo "2304"]
[WhiteFideId "25063561"]
[BlackFideId "5717981"]
[EventDate "2025.05.27"]

1. d4 d5 2. c4 e6 3. Nf3 c6 4. e3 Nf6 5. Be2 Nbd7 6. O-O Bd6 7. Nc3 O-O 8. b3
dxc4 9. Bxc4 e5 10. Bb2 Qe7 11. dxe5 Nxe5 12. Nxe5 Qxe5 13. h3 Qh2# 0-1

[Event "Titled Tue 27th May Early"]
[Site "chess.com INT"]
[Date "2025.05.27"]
[Round "3"]
[White "Mika, Tomasz"]
[Black "Khodabandeh, Milad"]
[Result "0-1"]
[WhiteTitle "CM"]
[BlackTitle "CM"]
[WhiteElo "2227"]
[BlackElo "1957"]
[WhiteFideId "1132970"]
[BlackFideId "12538620"]
[EventDate "2025.05.27"]

1. e4 e5 2. Nf3 Nc6 3. Bb5 a6 4. Ba4 Nf6 5. O-O Be7 6. Re1 b5 7. Bb3 Bb7 8. c3
d5 9. exd5 Nxd5 10. Nxe5 Nxe5 11. Rxe5 Nf4 12. f3 Nd3 13. Re3 O-O 14. Bc2 Bc5
15. Kh1 Nf2+ 0-1

[Event "Titled Tue 27th May Early"]
[Site "chess.com INT"]
[Date "2025.05.27"]
[Round "3"]
[White "Ambrogi, Agustin"]
[Black "Osiecki, Stanislaw"]
[Result "1-0"]
[WhiteTitle "FM"]
[BlackTitle "FM"]
[WhiteElo "2237"]
[BlackElo "1944"]
[WhiteFideId "170933"]
[BlackFideId "1102990"]
[EventDate "2025.05.27"]

1. e4 e6 2. d4 d5 3. Nc3 Bb4 4. e5 c5 5. Bd2 Bxc3 6. bxc3 cxd4 7. cxd4 Ne7 8. c3
O-O 9. Bd3 h6 10. f4 b6 11. Qe2 a5 12. Nf3 Ba6 13. Bxa6 Nxa6 14. Rb1 Rb8 15.
Qxa6 Qc7 16. Qd3 b5 17. Rxb5 Rxb5 18. Qxb5 Rb8 19. Qd3 Rb2 20. O-O Rxa2 21. Rb1
a4 22. Qb5 Kh7 23. Rd1 Nc6 24. Qb1+ g6 25. Qxa2 1-0

[Event "Titled Tue 27th May Early"]
[Site "chess.com INT"]
[Date "2025.05.27"]
[Round "3"]
[White "Ahn, Hongjin"]
[Black "Pakleza, Zbigniew"]
[Result "0-1"]
[WhiteTitle "IM"]
[BlackTitle "GM"]
[WhiteElo "2304"]
[BlackElo "2484"]
[WhiteFideId "13201492"]
[BlackFideId "1119290"]
[EventDate "2025.05.27"]

1. e4 d6 2. d4 Nf6 3. Nc3 c6 4. Nf3 Bg4 5. h3 Bh5 6. Be2 e6 7. Be3 d5 8. Nd2 Bg6
9. e5 Nfd7 10. Bd3 c5 11. Bxg6 hxg6 12. Ne2 cxd4 13. Bxd4 Nc6 14. f4 Nxd4 15.
Nxd4 Qh4+ 16. Kf1 Qxf4+ 17. N4f3 Nxe5 18. Qe2 Nc6 19. c3 O-O-O 20. Nb3 g5 21.
Kg1 g4 22. hxg4 Rxh1+ 23. Kxh1 Qxg4 24. Kg1 Bd6 25. Rf1 Rh8 26. Nbd4 Bg3 27.
Nxc6 Qh5 28. Ne7+ Kb8 0-1

[Event "Titled Tue 27th May Early"]
[Site "chess.com INT"]
[Date "2025.05.27"]
[Round "3"]
[White "Tomb, Maroun"]
[Black "Vigoa Apecheche, Yanira"]
[Result "1-0"]
[WhiteTitle "CM"]
[BlackTitle "WGM"]
[WhiteElo "2090"]
[BlackElo "2232"]
[WhiteFideId "5300398"]
[BlackFideId "3507041"]
[EventDate "2025.05.27"]

1. e4 c5 2. Ne2 Nc6 3. Nbc3 g6 4. d4 cxd4 5. Nxd4 Bg7 6. Nde2 Nf6 7. g3 O-O 8.
Bg2 d6 9. O-O a6 10. a4 Rb8 11. Nd5 Nxd5 12. exd5 Ne5 13. Ra2 b5 14. axb5 axb5
15. b3 b4 16. h3 Bd7 17. f4 Ng4 18. hxg4 Bxg4 19. Be3 Qd7 20. Qd2 Rfc8 21. Nd4
Rc3 22. Nc6 Re8 23. Ra7 Qf5 24. Rxe7 Rxe7 25. Nxe7+ 1-0

[Event "Titled Tue 27th May Early"]
[Site "chess.com INT"]
[Date "2025.05.27"]
[Round "3"]
[White "Mizzi, Jack"]
[Black "Hon, Eric"]
[Result "1-0"]
[WhiteTitle "CM"]
[WhiteElo "2086"]
[BlackElo "1962"]
[WhiteFideId "5602521"]
[BlackFideId "2097117"]
[EventDate "2025.05.27"]

1. d4 Nf6 2. c4 c5 3. d5 b5 4. cxb5 a6 5. e3 g6 6. Nf3 Bg7 7. Nc3 O-O 8. bxa6 d6
9. a7 Rxa7 10. Be2 Ba6 11. O-O Bxe2 12. Qxe2 Na6 13. e4 Nd7 14. Bf4 Rb7 15. e5
dxe5 16. Nxe5 Nxe5 17. Bxe5 Bxe5 18. Qxe5 Rxb2 19. Ne4 Rb7 20. d6 f6 21. Qd5+ e6
22. Qxb7 1-0

[Event "Titled Tue 27th May Early"]
[Site "chess.com INT"]
[Date "2025.05.27"]
[Round "3"]
[White "Ugarte Soto, Cesar"]
[Black "Aloma Vidal, Robert"]
[Result "0-1"]
[WhiteTitle "CM"]
[BlackTitle "IM"]
[WhiteElo "2088"]
[BlackElo "2374"]
[WhiteFideId "3601331"]
[BlackFideId "2260409"]
[EventDate "2025.05.27"]

1. d4 a6 2. Bf4 b5 3. e3 Bb7 4. Nf3 Nf6 5. Nbd2 d6 6. a4 b4 7. c4 Nbd7 8. Be2 g6
9. h3 Bg7 10. O-O O-O 11. b3 Qe8 12. Qc2 e5 13. dxe5 dxe5 14. Bh2 a5 15. Rad1
Qe7 16. Ng5 Nc5 17. Bf3 e4 18. Be2 h6 19. f4 hxg5 20. fxg5 Nfd7 21. Bxc7 Qxg5
22. Bf4 Qe7 23. Nb1 Ne5 24. Rd4 Rad8 25. Rfd1 Ned3 26. Rxd8 Rxd8 27. Nd2 Nxf4
28. exf4 e3 29. Nf3 Be4 0-1

[Event "Titled Tue 27th May Early"]
[Site "chess.com INT"]
[Date "2025.05.27"]
[Round "3"]
[White "Alvarez, Leandro"]
[Black "Jacobsen, Mikkel Manosri"]
[Result "0-1"]
[BlackTitle "FM"]
[WhiteElo "2130"]
[BlackElo "2223"]
[WhiteFideId "132756"]
[BlackFideId "1444514"]
[EventDate "2025.05.27"]

1. e4 c5 2. Nc3 Nf6 3. Nf3 d5 4. exd5 Nxd5 5. Bc4 Nb6 6. Bxf7+ Kxf7 7. Ne5+ Kg8
8. Qf3 Be6 9. Qxb7 N8d7 10. Qc6 Nxe5 11. Qxe6+ Nf7 12. Ne4 Qd5 13. Qxd5 Nxd5 14.
Nxc5 Rc8 15. d4 Nb4 16. c3 Nc2+ 17. Ke2 Nxa1 18. Be3 Nc2 19. Bf4 e5 0-1

[Event "Titled Tue 27th May Early"]
[Site "chess.com INT"]
[Date "2025.05.27"]
[Round "3"]
[White "Ismagilov, Damir"]
[Black "Brozyna, Mateusz"]
[Result "1-0"]
[WhiteTitle "CM"]
[BlackTitle "FM"]
[WhiteElo "2173"]
[BlackElo "2224"]
[WhiteFideId "34199982"]
[BlackFideId "21816140"]
[EventDate "2025.05.27"]

1. d4 d5 2. c4 c6 3. Nc3 Nf6 4. Nf3 e6 5. Bg5 Nbd7 6. cxd5 exd5 7. e3 Bd6 8. Bd3
h6 9. Bh4 O-O 10. O-O Re8 11. h3 Nf8 12. Qc2 a5 13. a3 Be6 14. Ne5 Be7 15. f4 c5
16. Bb5 Bd7 17. Nxd7 N8xd7 18. Bxf6 Bxf6 19. Nxd5 Rxe3 20. Nxe3 Bxd4 21. Rae1
Qe7 22. Kh1 Bxe3 23. Bxd7 Rd8 24. Rf3 1-0

[Event "Titled Tue 27th May Early"]
[Site "chess.com INT"]
[Date "2025.05.27"]
[Round "3"]
[White "Bogaudinov, Rushan"]
[Black "Zhakshylykov, Erzhan"]
[Result "0-1"]
[WhiteTitle "FM"]
[BlackTitle "IM"]
[WhiteElo "1912"]
[BlackElo "2362"]
[WhiteFideId "4129288"]
[BlackFideId "13804111"]
[EventDate "2025.05.27"]

1. e4 e5 2. Nf3 Nc6 3. Bb5 a6 4. Ba4 Nf6 5. d3 Bc5 6. O-O b5 7. Bb3 d6 8. h3 O-O
9. a4 Rb8 10. axb5 axb5 11. Nc3 h6 12. Be3 Bxe3 13. fxe3 Be6 14. Nd5 Bxd5 15.
Bxd5 Nxd5 16. exd5 Ne7 17. e4 f5 18. Ra7 c6 19. dxc6 Qb6+ 20. Kh1 Qxa7 21. d4
fxe4 22. dxe5 exf3 23. exd6 Nxc6 24. Qd5+ Qf7 0-1

[Event "Titled Tue 27th May Early"]
[Site "chess.com INT"]
[Date "2025.05.27"]
[Round "3"]
[White "Alvarez Leon, Luis"]
[Black "Antonio, Jorge Carlos"]
[Result "1-0"]
[WhiteTitle "FM"]
[BlackTitle "FM"]
[WhiteElo "2178"]
[BlackElo "2277"]
[WhiteFideId "3600351"]
[BlackFideId "113190"]
[EventDate "2025.05.27"]

1. Nf3 d5 2. d4 c5 3. c4 e6 4. cxd5 exd5 5. Nc3 Nf6 6. Bg5 Be6 7. e3 cxd4 8.
Nxd4 Be7 9. Be2 O-O 10. O-O Nc6 11. Rc1 Nxd4 12. exd4 a6 13. Bf3 h6 14. Bf4 Rc8
15. Re1 b5 16. a3 b4 17. axb4 Bxb4 18. Be5 Nd7 19. Bg3 a5 20. Qd3 Qf6 21. Rcd1
Rfd8 22. Re3 Nb6 23. Be5 Qe7 24. Bh5 Bxc3 25. Rg3 f6 26. Bf4 Bxb2 27. Bxh6 g5
28. h4 Rc3 29. Qg6+ Kh8 30. hxg5 Rxg3 31. fxg3 Qh7 32. Qxf6+ Kg8 33. Qxd8# 1-0

[Event "Titled Tue 27th May Early"]
[Site "chess.com INT"]
[Date "2025.05.27"]
[Round "3"]
[White "Gunawardhana, Devindya Oshini"]
[Black "Vera Gonzalez-Quevedo, Reynaldo"]
[Result "1-0"]
[WhiteTitle "WIM"]
[BlackTitle "GM"]
[WhiteElo "2068"]
[BlackElo "2299"]
[WhiteFideId "29941482"]
[BlackFideId "3500055"]
[EventDate "2025.05.27"]

1. Nf3 d5 2. d4 Nf6 3. g3 e6 4. Bg2 c5 5. c3 Nc6 6. O-O Be7 7. Nbd2 O-O 8. Re1
b6 9. b3 Bb7 10. Bb2 cxd4 11. cxd4 Rc8 12. Rc1 Bd6 13. e3 Nb4 14. Bf1 Nxa2 15.
Ra1 Nc3 16. Bxc3 Rxc3 17. Rxa7 Qb8 18. Ra2 Rfc8 19. Qa1 h6 20. Ba6 Bc5 21. Qxc3 1-0

[Event "Titled Tue 27th May Early"]
[Site "chess.com INT"]
[Date "2025.05.27"]
[Round "3"]
[White "Nan, M K Khine Hlyan"]
[Black "Aaradhya Das"]
[Result "0-1"]
[WhiteTitle "WFM"]
[BlackTitle "WCM"]
[WhiteElo "1984"]
[BlackElo "1837"]
[WhiteFideId "13002899"]
[BlackFideId "33361436"]
[EventDate "2025.05.27"]

1. e4 e5 2. Nf3 Nc6 3. Bb5 a6 4. Ba4 Nge7 5. c3 g6 6. d4 exd4 7. cxd4 b5 8. Bc2
d6 9. d5 Nb8 10. Qd4 Rg8 11. Bg5 Bg7 12. Bf6 Nec6 13. Qc3 Bxf6 14. e5 Nxe5 15.
O-O Kf8 16. Nd4 c5 17. dxc6 Qc7 18. Qe3 Nbxc6 19. Qh6+ Bg7 20. Qxh7 Rh8 21. Ne6+
Bxe6 0-1

[Event "Titled Tue 27th May Early"]
[Site "chess.com INT"]
[Date "2025.05.27"]
[Round "3"]
[White "Timofeev, Artyom"]
[Black "Andreikin, Dmitry"]
[Result "1-0"]
[WhiteTitle "GM"]
[BlackTitle "GM"]
[WhiteElo "2548"]
[BlackElo "2695"]
[WhiteFideId "4140419"]
[BlackFideId "4158814"]
[EventDate "2025.05.27"]

1. e4 c5 2. Nf3 Nc6 3. d4 cxd4 4. Nxd4 e5 5. Nb5 d6 6. N1c3 a6 7. Na3 Be6 8. Nc4
Rb8 9. Nd5 b5 10. Nce3 h5 11. Be2 g6 12. O-O Nf6 13. f4 Nxe4 14. Bf3 f5 15. Bxe4
fxe4 16. fxe5 Bg7 17. Nf6+ Bxf6 18. Rxf6 Qe7 19. Nd5 Bxd5 20. Qxd5 Nb4 21. Qxe4
dxe5 22. Qxg6+ Kd8 23. Bg5 1-0

[Event "Titled Tue 27th May Early"]
[Site "chess.com INT"]
[Date "2025.05.27"]
[Round "3"]
[White "Arun, Siddharth"]
[Black "Hehir, Michael"]
[Result "1-0"]
[WhiteElo "1993"]
[BlackElo "2009"]
[WhiteFideId "2079178"]
[BlackFideId "2047411"]
[EventDate "2025.05.27"]

1. d4 Nf6 2. Nc3 d5 3. Bf4 c6 4. e3 Bf5 5. f3 Qb6 6. Rb1 e6 7. g4 Bg6 8. h4 h5
9. g5 Nfd7 10. Bd3 Bxd3 11. Qxd3 g6 12. Nge2 Bg7 13. e4 dxe4 14. Nxe4 O-O 15.
Bd6 Re8 16. f4 Na6 17. c3 c5 18. Be5 cxd4 19. Nf6+ Nxf6 20. gxf6 Bh6 21. cxd4
Nb4 22. Qe4 Qc6 23. Qxc6 Nxc6 24. b4 Rac8 25. Kf2 a5 26. bxa5 Nxa5 27. Rb5 Nc4
28. Rxb7 Nd2 29. Rg1 Rc2 30. Rxg6+ fxg6 31. f7+ Kf8 32. Bd6+ Re7 33. Rxe7 1-0

[Event "Titled Tue 27th May Early"]
[Site "chess.com INT"]
[Date "2025.05.27"]
[Round "3"]
[White "Buscar, Michael"]
[Black "Nouri, Alekhine"]
[Result "0-1"]
[BlackTitle "FM"]
[WhiteElo "2016"]
[BlackElo "2198"]
[WhiteFideId "2603616"]
[BlackFideId "5216184"]
[EventDate "2025.05.27"]

1. d4 Nf6 2. c4 c5 3. e3 e6 4. Nf3 d5 5. Nc3 cxd4 6. exd4 Nc6 7. Be2 Bb4 8. O-O
O-O 9. c5 b6 10. Qa4 Bd7 11. Bb5 Bxc3 12. Bxc6 Bxc6 13. Qxc6 Ba5 14. Bg5 bxc5
15. Bxf6 Qxf6 16. dxc5 Rfc8 17. Qb5 Bd8 18. b4 a5 19. Rfc1 h6 20. Qe8+ Kh7 21.
b5 Rxc5 22. b6 Rac8 23. Rd1 Bxb6 24. Qd7 Qxa1 0-1

[Event "Titled Tue 27th May Early"]
[Site "chess.com INT"]
[Date "2025.05.27"]
[Round "3"]
[White "Radchenko, Alexey"]
[Black "Tursunalieva, Nurelina"]
[Result "1-0"]
[WhiteTitle "FM"]
[BlackTitle "WCM"]
[WhiteElo "2293"]
[BlackElo "1810"]
[WhiteFideId "4192362"]
[BlackFideId "13817329"]
[EventDate "2025.05.27"]

1. d4 Nf6 2. Nf3 g6 3. g3 Bg7 4. Bg2 d6 5. O-O O-O 6. Re1 Nbd7 7. e4 e5 8. b4 c6
9. Bb2 Qe7 10. Nbd2 Ne8 11. Nc4 b5 12. Na5 Nb8 13. d5 Bd7 14. Qd3 Nc7 15. Rad1
cxd5 16. exd5 f5 17. Nd4 Qf7 18. Ne6 Rc8 19. Nb7 Bf8 20. f4 e4 21. Qd4 Bg7 22.
Nxg7 Nca6 23. Nxd6 1-0

[Event "Titled Tue 27th May Early"]
[Site "chess.com INT"]
[Date "2025.05.27"]
[Round "3"]
[White "Claverie, Christophe"]
[Black "Chiu, Isaac"]
[Result "0-1"]
[WhiteTitle "IM"]
[WhiteElo "2290"]
[BlackElo "2226"]
[WhiteFideId "605514"]
[BlackFideId "30900654"]
[EventDate "2025.05.27"]

1. d4 Nf6 2. Bg5 d5 3. e3 c5 4. c3 Qb6 5. Qb3 c4 6. Qxb6 axb6 7. Nd2 Nc6 8. a3
b5 9. Rc1 e6 10. Bxf6 gxf6 11. f4 e5 12. Ngf3 exf4 13. exf4 Bd6 14. g3 h5 15.
Bg2 Ne7 16. Nh4 Be6 17. Kf2 f5 18. Bh3 Kf8 19. Rhe1 Kg7 20. Ndf3 Kf6 21. Ng5 Nc8
22. Re2 Nb6 23. Rce1 Rae8 24. Bxf5 Bxf5 25. Rxe8 Rxe8 26. Rxe8 Bd3 27. Rd8 Be7
28. Rg8 Na4 29. Nh7+ Bxh7 0-1